Climbing the ladder of success in highheels : Backgrounds of professional women
Đã lưu trong:
| Príomhúdar: | |
|---|---|
| Formáid: | Leabhar |
| Teanga: | Undetermined |
| Foilsithe: |
Ann Arbor, Mich.
UMI Research Press
1984
|
| Ábhair: | |
| Clibeanna: |
Cuir Clib Leis
Gan Chlibeanna, Bí ar an gcéad duine leis an taifead seo a chlibeáil!
|
| Thư viện lưu trữ: | Trung tâm Học liệu Trường Đại học Cần Thơ |
|---|
| LEADER | 00655nam a2200217Ia 4500 | ||
|---|---|---|---|
| 001 | CTU_160629 | ||
| 008 | 210402s9999 xx 000 0 und d | ||
| 082 | |a 305.553 | ||
| 082 | |b S819 | ||
| 100 | |a Steinberg, Jill A. | ||
| 245 | 0 | |a Climbing the ladder of success in highheels : | |
| 245 | 0 | |b Backgrounds of professional women | |
| 245 | 0 | |c Jill A. Steinberg | |
| 260 | |a Ann Arbor, Mich. | ||
| 260 | |b UMI Research Press | ||
| 260 | |c 1984 | ||
| 650 | |a Women in the professions,Women | ||
| 650 | |x Employment,Social aspects | ||
| 650 | |z United States,United States | ||
| 904 | |i Giang | ||
| 980 | |a Trung tâm Học liệu Trường Đại học Cần Thơ | ||